La industria maderera

Bibliographic Details
Main Author: Brown, Nelson Courtland
Format: Section = Libro
Language:Undetermined
Spanish
Published: México Limusa 1990
Subjects:
LEADER 00453nam a2200181Ia 4500
008 240830s9999 xx 000 0 und d
020 |a 968-18-0295-0 
040 |a CEDOC FIQ-RUSB / 674.28 B878 
041 |a spa 
082 |a 674.28 B878 
100 1 |a Brown, Nelson Courtland 
245 1 0 |a La industria maderera 
260 |a México  |b Limusa  |c 1990 
300 |a 397 p. :il 
650 7 |a INDUSTRIA DE LA MADERA 
942 |c BK  |2 ddc 
991 |a TEXTO 
999 |c 13460